000 00508pab a2200181 454500
008 180718b2008 xxu||||| |||| 00| 0 eng d
100 _aMaital, Shlomo
245 _aBridging the chasm between management education, research, and practice: moving towards the `grounded theory' approach
260 _c2008
300 _ap.1-18.
362 _aJan-Mar
650 _aManagement education
700 _aSeshadri, D V R
700 _aPrakhya, Srinvas
773 _aVikalpa
908 _aN
909 _a78141
999 _c78141
_d78141